| 000 | 01383nam a2200361Ia 4500 | ||
|---|---|---|---|
| 001 | ebr10255894 | ||
| 003 | CaPaEBR | ||
| 006 | m u | ||
| 007 | cr cn||||||||| | ||
| 008 | 031211s2004 si a sb 001 0 eng d | ||
| 020 | _z9789810245719 | ||
| 020 | _z9810245718 | ||
| 040 |
_aCaPaEBR _cCaPaEBR |
||
| 035 | _a(OCoLC)646768894 | ||
| 050 | 1 | 4 |
_aQC794.6.S75 _bM67 2004eb |
| 100 | 1 | _aMorii, T. | |
| 245 | 1 | 4 |
_aThe physics of the standard model and beyond _h[electronic resource] / _cT. Morii, C.S. Lim, S.N. Mukherjee. |
| 260 |
_aSingapore ; _aRiver Edge, N.J. : _bWorld Scientific, _c2004. |
||
| 300 |
_axiv, 298 p. : _bill. |
||
| 504 | _aIncludes bibliographical references (p. 291-294) and index. | ||
| 533 |
_aElectronic reproduction. _bPalo Alto, Calif. : _cebrary, _d2009. _nAvailable via World Wide Web. _nAccess may be limited to ebrary affiliated libraries. |
||
| 650 | 0 | _aStandard model (Nuclear physics) | |
| 650 | 0 | _aNuclear structure. | |
| 650 | 0 | _aElectroweak interactions. | |
| 650 | 0 |
_aNeutrinos _xMass. |
|
| 650 | 0 | _aSupersymmetry. | |
| 650 | 0 |
_aParticles (Nuclear physics) _xFlavor. |
|
| 655 | 7 |
_aElectronic books. _2local |
|
| 700 | 1 | _aLim, C. S. | |
| 700 | 1 | _aMukherjee, S. N. | |
| 710 | 2 | _aebrary, Inc. | |
| 856 | 4 | 0 |
_uhttp://site.ebrary.com/lib/rucke/Doc?id=10255894 _zAn electronic book accessible through the World Wide Web; click to view |
| 999 |
_c14325 _d14325 |
||